Statistiken für Fünfergruppen Quiz

Klicken Sie hier um das Quiz zu spielen!

Allgemein

  • Dieses Quiz wurde 5.959 mal gespielt
  • Das Durchschnittsergebnis liegt bei 27 aus 60

Antwortstatistiken

GruppeAntwort% Korrekt
FingerMittelfinger
99%
FingerRingfinger
99%
FingerDaumen
98%
FingerKleiner Finger
98%
FingerZeigefinger
98%
Die fünf SinneHören
96%
OzeanePazifik
96%
Die fünf SinneSehen
96%
Die fünf SinneTasten
96%
OzeaneAtlantik
95%
Die fünf SinneRiechen
95%
Die fünf SinneSchmecken
95%
OzeaneIndischer Ozean
91%
Neue BundesländerSachsen
79%
Neue BundesländerBrandenburg
76%
Neue BundesländerSachsen-Anhalt
76%
Neue BundesländerMecklenburg-Vorpommern
73%
Neue BundesländerThüringen
73%
Größte KaribikinselnKuba
71%
The Jackson 5Michael
70%
Größte KaribikinselnJamaika
66%
Teilstreitkräfte des US-MilitärsNavy
55%
OzeaneArktischer Ozean
52%
Teilstreitkräfte des US-MilitärsAir Force
49%
Erste Fünf Bücher der BibelGenesis
45%
OzeaneSüdlicher Ozean
42%
Teilstreitkräfte des US-MilitärsArmy
39%
Basketball-PositionenCenter
36%
Große SeenMichigan
36%
Größte KaribikinselnTrinidad
35%
Teilstreitkräfte des US-MilitärsMarines
33%
Große SeenErie
32%
Erste Fünf Bücher der BibelExodus
31%
Spice GirlsPosh
31%
Größte KaribikinselnHispaniola
30%
Spice GirlsSporty
27%
Große SeenHuron
23%
Spice GirlsBaby
21%
Große SeenOberer See
21%
Größte KaribikinselnPuerto Rico
21%
Spice GirlsGinger
20%
Große SeenOntario
20%
Basketball-PositionenPoint Guard
20%
Erste Fünf Bücher der BibelLevitikus
15%
Erste Fünf Bücher der BibelDeuteronomium
14%
Basketball-PositionenPower Forward
14%
Basketball-PositionenShooting Guard
14%
The Jackson 5Jermaine
13%
Erste Fünf Bücher der BibelNumeri
13%
Basketball-PositionenSmall Forward
13%
Spice GirlsScary
12%
Teilstreitkräfte des US-MilitärsCoast Guard
9%
Marx BrothersGroucho
9%
Marx BrothersHarpo
7%
The Jackson 5Tito
7%
The Jackson 5Jackie
5%
The Jackson 5Marlon
5%
Marx BrothersChico
4%
Marx BrothersZeppo
4%
Marx BrothersGummo
3%

Verteilung der Resultate

Perzentil nach korrekt beantworteten Fragen

Anzahl Personen mit jedem Resultat

Ihre Resultats-Entwicklung

Sie haben dieses Quiz noch nicht gespielt